000
00344nam a2200145Ia 4500
008
150201s2011 xx 000 0 und d
082
_a
611
_b
A11S
100
_a
SINGH, VISHRAM
245
_a
ANTOMY OF ABDOMEN & LOWER LIMB
250
_a
1ST
260
_b
ELSEVIER
_a
DELHI
_c
2011
300
_a
1-542
650
_a
HUMAN ANATOMY
942
_2
ddc
_c
BK
999
_c
1265
_d
1265